Guatemala: monumentos históricos y arqueológicos

Αποθηκεύτηκε σε:
Λεπτομέρειες βιβλιογραφικής εγγραφής
Κύριοι συγγραφείς: Borbolla, Daniel F. Rubín de la (Συγγραφέας), Cerezo, Hugo (Συγγραφέας)
Μορφή: Βιβλίο
Γλώσσα:Ισπανικά
Έκδοση: Ciudad de México Instituto Panamericano de Geografía e Historia 1953
Θέματα:
Ετικέτες: Προσθήκη ετικέτας
Δεν υπάρχουν, Καταχωρήστε ετικέτα πρώτοι!

MARC

LEADER 00000nam a2200000 a 4500
001 UCO1020
003 CL-VaPUC
008 000505e19530000MX |||||||||||||||||spa|d
082 0 4 |a 972.81  |b BOR  |2 21 
100 0 |a Borbolla, Daniel F. Rubín de la  |e author  |9 442750 
700 0 |a Cerezo, Hugo  |e author  |9 442751 
245 1 0 |a Guatemala: monumentos históricos y arqueológicos 
300 |a 115 p 
942 |c BK 
945 |d 20000505 00:00:00  |a crobeson 
260 |a Ciudad de México  |b Instituto Panamericano de Geografía e Historia  |c 1953 
650 7 |a HISTORIA GUATEMALTECA  |2 CL-VaPUC  |9 396370 
650 0 |a Arqueología   |9 265619 
650 0 |a Monumentos históricos  |9 308710 
651 0 |a Guatemala  |9 258335 
583 |a last modification  |c 20000505 00:00:00  |k Rodrigo Vera 
999 |c 287655  |d 287653 
952 |0 0  |1 0  |4 0  |6 972_810000000000000_BOR_1953  |7 0  |8 A  |9 334600  |a BIBHIS  |b BIBHIS  |d 2019-11-20  |i 1272802  |o 972.81 BOR 1953  |p 1272802  |r 2025-01-20  |w 2019-11-20  |y BK  |k HIS